000 00433nam a2200169Ia 4500
008 230711s9999||||xx |||||||||||||| ||und||
020 _a978-81-7534-922-3
041 _aENG
082 _a344.540423
_bUN-D
100 _aUniversal Law Publishing
245 0 _aDrugs and cosmetics laws
250 _a1st Ed.
260 _c2016
_aHaryana
_bLexis Nexis Universal Law Publishing
300 _a703p.
650 _aPharmacy
942 _cBK
999 _c7179
_d7179